Visualizzazione normale
Vista MARC
- Orchestra e Mandol. Napolet.Santa Lucia
di Personal Name
Records bibliografici associati: 1
001 - CONTROL NUMBER
- control field: 6988
003 - CONTROL NUMBER IDENTIFIER
- control field: IT-RoPau
005 - DATE AND TIME OF LATEST TRANSACTION
- control field: 20140102093330.0
008 - FIXED-LENGTH DATA ELEMENTS
- fixed length control field: 140102|| aca||aabn | a|a d
040 ## - CATALOGING SOURCE
- Original cataloging agency: IT-RoPau
- Transcribing agency: IT-RoPau
100 ## - HEADING--PERSONAL NAME
- Personal name: Orchestra e Mandol. Napolet.Santa Lucia
- Miscellaneous information: Codice Autore -SPICS: 14003
670 ## - SOURCE DATA FOUND
- Source citation: Work cat.: (IT-RoPau)102744: AA.VV. 794, O sole mio! (Lp Sm 3532)